00929nam a2200193 a 450000100100000000500170001000800410002702000180006804000250008608200150011124500930012626000790021930000300029850400320032895201270036095201130048795201180060099900170071800004895520201002061535.0190507s2015 dr c r 000 0 spa d a9789945888591 aDO-SdBNPbspacBNPHU axxxxbxxxx00aPlan de manejo del santuario mamíferos marinos de los bancos de la plata y la navidad. aSanto Domingo :bMinisterio de Medio Ambiente y Recursos Naturales,c2015. a141 p. :bretr. ;c28 cm. aBibliografía : p. 135-141 001054708DSaGRbGRcHDd2019-05-07iLF1l0oxxxx xxxxp48955-30r2020-06-25te.3w2020-06-25yLFDSZPréstamo en sala 0010718PDaPDbPDcHDd2019-05-07iLF1l0oxxxx xxxxp48955-10r2020-06-25w2020-06-25yLFPDZNo se presta 0010718PDaPDbPDcHDd2019-05-07iLF1l0oxxxx xxxxp48955-20r2020-06-25te.2w2020-06-25yLFPDZNo se presta c48443d48443